| 000 | 00910nam a2200277 a 4500 | ||
|---|---|---|---|
| 001 | 000003248 | ||
| 005 | 20260119125218.0 | ||
| 008 | 090707s2009 dr 001 0 spa d | ||
| 020 | _a9789945427615 | ||
| 040 |
_aDO-SdBNP _bspa _cBNPHU |
||
| 082 |
_a152.42 _bM792p |
||
| 100 | 1 |
_aMontilla, Eddy _d1969- _910235 |
|
| 245 | 1 | 0 |
_aPara eso nací : _bhistorias para entender por qué algunas personas son felices y otras no / _cEddy Montilla. |
| 246 | 1 | 0 | _aHistorias para entender por qué algunas personas son felices y otras no |
| 260 |
_aSanto Domingo : _bBúho, _c2009. |
||
| 300 |
_a185 p. ; _c22 cm. |
||
| 500 | _aIncluye índice | ||
| 590 | _aInventariado, 2018/LP | ||
| 650 | 0 |
_aFelicidad _95856 |
|
| 650 | 4 |
_aAlegria y tristeza _910236 |
|
| 650 | 0 |
_aActitud (Psicología) _9852 |
|
| 650 | 0 |
_aEmociones _9156 |
|
| 650 | 0 |
_aAmor _91688 |
|
| 650 | 0 |
_aCulpa _910237 |
|
| 910 | _aJornada de catalogación | ||
| 999 |
_c3079 _d3079 |
||